|
|
|
|
| LEADER |
00000naa2a2200000 4500 |
| 001 |
234070 |
| 005 |
20260120155823.0 |
| 035 |
|
|
|a (RuTPU)RU\TPU\book\255155
|
| 035 |
|
|
|a RU\TPU\book\255152
|
| 090 |
|
|
|a 234070
|
| 100 |
|
|
|a 20130315d2012 k y0rusy50 ca
|
| 101 |
0 |
|
|a rus
|
| 102 |
|
|
|a RU
|
| 181 |
|
0 |
|a i
|
| 182 |
|
0 |
|a b
|
| 200 |
1 |
|
|a Обоснование ядерной и радиационной безопасности систем "сухого" хранения ОЯТ РБМК-1000
|f И. М. Губайдулин, М. А. Никифоров, О. В. Вильхивская
|g науч. рук. С. В. Беденко
|
| 203 |
|
|
|a Текст
|c электронный
|
| 215 |
|
|
|a 1 файл (402 Кб)
|
| 225 |
1 |
|
|a Традиционная и атомная энергетика, альтернативные технологии производстваэнергии
|
| 300 |
|
|
|a Заглавие с экрана
|
| 320 |
|
|
|a [Библиогр.: с. 48 (3 назв.)]
|
| 337 |
|
|
|a Adobe Reader
|
| 463 |
|
1 |
|0 (RuTPU)RU\TPU\book\251281
|t Ресурсоэффективным технологиям - энергию и энтузиазм молодых
|o сборник докладов III Университетской конференции студентов Элитного технического образования, г. Томск, 16 -17 апреля 2012 г.
|f Национальный исследовательский Томский политехнический университет (ТПУ)
|v [С. 45-48]
|d 2012
|
| 610 |
1 |
|
|a электронный ресурс
|
| 610 |
1 |
|
|a труды учёных ТПУ
|
| 610 |
1 |
|
|a обоснование
|
| 610 |
1 |
|
|a ядерная безопасность
|
| 610 |
1 |
|
|a радиационная безопасность
|
| 610 |
1 |
|
|a ОЯТ
|
| 700 |
|
1 |
|a Губайдулин
|b И. М.
|
| 701 |
|
1 |
|a Никифоров
|b М. А.
|
| 701 |
|
1 |
|a Вильхивская
|b О. В.
|
| 702 |
|
1 |
|a Беденко
|b С. В.
|c физик
|c доцент Томского политехнического университета, кандидант физико-математических наук
|f 1980-
|g Сергей Владимирович
|3 (RuTPU)RU\TPU\pers\25456
|4 727
|9 11395
|
| 801 |
|
1 |
|a RU
|b 63413507
|c 20101016
|
| 801 |
|
2 |
|a RU
|b 63413507
|c 20130517
|g RCR
|
| 856 |
4 |
|
|u http://www.lib.tpu.ru/fulltext/c/2012/C08/019.pdf
|
| 942 |
|
|
|c CF
|